| 000 | 00320nam a22001337a 4500 | ||
|---|---|---|---|
| 020 | _a9781847558060 | ||
| 082 |
_a621.4021 _bGOO/AP |
||
| 245 | _aApplied Thermodynamics of Fluids | ||
| 260 |
_aCambridge _bRSC Publishing _c2010 |
||
| 300 | _a509 | ||
| 700 |
_aGoodwin,A.R.H _9826 |
||
| 700 |
_aSengers,. _9827 |
||
| 942 | _cBK | ||
| 999 |
_c14485 _d14485 |
||